| 000 | 01244cam a22003255a 4500 | ||
|---|---|---|---|
| 001 | 17568688 | ||
| 005 | 20160727155651.0 | ||
| 008 | 121219s2012 ua a frb 001 0 eng d | ||
| 010 | _a 2012275092 | ||
| 020 | _a9789774165368 | ||
| 020 | _a9774165365 | ||
| 043 | _af-ua--- | ||
| 082 | 0 | 4 |
_a321.0940962 _bARA _222 |
| 245 | 0 | 0 |
_aArab spring in Egypt : _brevolution and beyond / _cedited by Bahgat Korany, Rabab El-Mahdi. |
| 250 | _aAn AUC Forum for International Affairs ed. | ||
| 260 |
_aCairo ; _aNew York : _bThe American University in Cairo Press, _c2012. |
||
| 300 |
_axiii, 349 p. : _bill. ; _c24 cm. |
||
| 500 | _aIndex : p. 337-349. | ||
| 504 | _aBibliography : p. 313-336. | ||
| 541 | _aDonation from Farid Khamis. | ||
| 650 | 7 |
_aArab Spring, 2010- _938992 _2BUEsh |
|
| 650 | 7 |
_aRevolutions _zEgypt _929286 _2BUEsh _y21st century. |
|
| 650 | 7 |
_aDemocratization _zEgypt _xHistory _y21st century. _932078 _2BUEsh |
|
| 650 | 7 |
_aProtest movements _zEgypt _xHistory _y21st century. _932079 _2BUEsh |
|
| 651 | 7 |
_aEgypt _xPolitics and government _y21st century. _932080 _2BUEsh |
|
| 653 |
_bBUSBOL _bLLAAWW _cJanuary2013 _cJuly2016 |
||
| 700 | 1 |
_aKorany, Bahgat, _eeditor. _932081 |
|
| 700 | 1 |
_aEl-Mahdi, Rabab, _eeditor. _932082 |
|
| 942 |
_2ddc _cBB |
||
| 999 |
_c17160 _d17132 |
||